[Event "13th EICC"]
[Site "Plovdiv BUL"]
[Date "2012.03.29"]
[Round "9.81"]
[White "Iordachescu, Viorel"]
[Black "Jianu, Vlad-Cristian"]
[Result "1/2-1/2"]
[WhiteTitle "GM"]
[BlackTitle "GM"]
[WhiteElo "2644"]
[BlackElo "2497"]
[WhiteFideId "13900200"]
[BlackFideId "1208110"]
[EventDate "2012.03.20"]
[EventType "swiss"]

1. d4 d5 2. c4 e6 3. Nf3 c5 4. cxd5 exd5 5. Bg5 Be7 6. Bxe7 Nxe7 7. dxc5 O-O 8.
Nc3 Nbc6 9. e3 Qa5 10. Be2 Qxc5 11. O-O Rd8 12. Rc1 Bg4 13. h3 Bxf3 14. Bxf3 Ne5
15. Be2 N7c6 16. Qb3 d4 17. Nb5 Qb6 18. exd4 Nxd4 19. Nxd4 Rxd4 20. Qxb6 axb6
21. Rfd1 Rxd1+ 22. Rxd1 Kf8 23. f4 Nc6 24. Rd7 Rxa2 25. Bc4 Ra1+ 26. Kh2 Rc1 27.
b3 b5 28. Bxf7 Rf1 29. Kg3 g5 30. Bd5 gxf4+ 31. Kh4 Ne7 32. Be4 Re1 33. Bxh7 Re2
34. Kg5 Rxg2+ 35. Kxf4 Rb2 36. Rd3 Nc6 37. Be4 b4 38. h4 Rf2+ 39. Kg5 Re2 40.
Bf3 Rc2 41. Bd5 Rc3 42. Rd1 Kg7 43. h5 Rg3+ 44. Kh4 Re3 45. Rg1+ Kh7 46. Rg4 Ne7
47. Be4+ Kh6 48. Rf4 Kg7 49. Kg4 b6 50. Bc2 Rc3 51. Be4 Re3 52. Bf3 Rxb3 53. Kg5
Ng8 54. Bd5 Rg3+ 55. Kh4 Rg1 56. Rf7+ Kh6 57. Rf8 Kh7 58. Rf7+ Kh6 59. Rb7 Nf6
60. Rxb6 Rg4+ 61. Kh3 Rf4 62. Kg3 Kg5 63. Bf3 Rf5 64. Rxb4 1/2-1/2

[Event "13th EICC"]
[Site "Plovdiv BUL"]
[Date "2012.03.29"]
[Round "9.82"]
[White "Erdos, Viktor"]
[Black "Perunovic, Miodrag"]
[Result "1-0"]
[WhiteTitle "GM"]
[BlackTitle "IM"]
[WhiteElo "2631"]
[BlackElo "2481"]
[WhiteFideId "719978"]
[BlackFideId "919993"]
[EventDate "2012.03.20"]
[EventType "swiss"]

1. d4 Nf6 2. c4 e6 3. g3 Bb4+ 4. Bd2 Be7 5. Bg2 d5 6. cxd5 exd5 7. Nc3 O-O 8. e3
Re8 9. Nge2 c6 10. O-O Bd6 11. Qc2 Na6 12. Rad1 Nc7 13. Kh1 b6 14. f3 c5 15. e4
cxd4 16. Nxd4 Bb7 17. Nf5 Bf8 18. Bg5 h6 19. Be3 Qc8 20. Bd4 dxe4 21. fxe4 Nh7
22. Bxg7 Bxg7 23. Nd6 Qb8 24. Rxf7 Ng5 25. Rxg7+ Kxg7 26. Nxb7 Nf7 27. Rd7 Ne6
28. Nd6 Qxd6 29. Rxd6 Nxd6 30. e5 Nf7 31. Bxa8 Rxa8 32. Qf5 Re8 33. Ne4 1-0

[Event "13th EICC"]
[Site "Plovdiv BUL"]
[Date "2012.03.29"]
[Round "9.84"]
[White "Guseinov, Gadir"]
[Black "Grigorov, Grigor"]
[Result "1/2-1/2"]
[WhiteTitle "GM"]
[BlackTitle "GM"]
[WhiteElo "2616"]
[BlackElo "2489"]
[WhiteFideId "13401378"]
[BlackFideId "2907313"]
[EventDate "2012.03.20"]
[EventType "swiss"]

1. e4 e5 2. Nf3 Nf6 3. d4 Nxe4 4. Bd3 d5 5. Nxe5 Nd7 6. Nxd7 Bxd7 7. O-O Bd6 8.
c4 c6 9. Nc3 O-O 10. cxd5 Nxc3 11. bxc3 cxd5 12. Qh5 g6 13. Qxd5 Qc7 14. g3 Be6
15. Qf3 Qxc3 16. Rb1 Qxd4 17. Be4 Qc4 18. Bb2 f6 19. Bxb7 Rad8 20. Rfd1 Qxa2 21.
Qc6 Be5 22. Ba3 Qxa3 23. Qxe6+ Kh8 24. Be4 Rde8 25. Qh3 f5 26. Rd7 Re7 27. Rxe7
Qxe7 28. Rb7 Bc7 29. Bd5 Rd8 30. Qh6 a5 31. h4 Rb8 32. Rxb8+ Bxb8 33. h5 gxh5
34. Qxh5 f4 35. g4 Be5 36. Qf5 Bf6 37. Qxf4 Kg7 38. Bb3 Bh4 39. Qd4+ Qf6 40.
Qa7+ Kh6 41. Qe3+ Bg5 42. Qd3 Bh4 43. f3 Qe5 44. Qd2+ Bg5 45. Qh2+ 1/2-1/2

[Event "13th EICC"]
[Site "Plovdiv BUL"]
[Date "2012.03.29"]
[Round "9.87"]
[White "Popov, Ivan RUS"]
[Black "Jurcik, Marian"]
[Result "0-1"]
[WhiteTitle "GM"]
[BlackTitle "IM"]
[WhiteElo "2605"]
[BlackElo "2467"]
[WhiteFideId "4170350"]
[BlackFideId "14907518"]
[EventDate "2012.03.20"]
[EventType "swiss"]

1. e4 e6 2. Qe2 e5 3. g3 Bc5 4. Bg2 Nf6 5. Nf3 Nc6 6. c3 Bb6 7. O-O O-O 8. d3
Re8 9. Nbd2 d5 10. h3 h6 11. Nh4 Be6 12. Nf5 Ne7 13. Qf3 Nxf5 14. exf5 Bd7 15.
g4 e4 16. Qg3 Bb5 17. c4 dxc4 18. dxe4 c3 19. bxc3 Bxf1 20. Kxf1 Nd7 21. f4 f6
22. a4 c6 23. a5 Bxa5 24. Nb3 Bb6 25. Ba3 c5 26. Rd1 Qc7 27. c4 Rad8 28. Rd5 Qc6
29. Nd2 Qa4 30. Qb3 Qxb3 31. Nxb3 Bc7 32. Bxc5 Bxf4 33. Bxa7 Ne5 34. Na5 Nc6 35.
Nxc6 bxc6 36. Rxd8 Rxd8 37. e5 Bxe5 38. Bxc6 Bd4 39. c5 Rc8 40. Bd7 Ra8 41. Bb6
Ra3 42. Kg2 Rc3 43. Ba4 Bxc5 44. Bxc5 Rxc5 45. Kg3 h5 46. Bb3+ Kh7 47. Bf7 hxg4
48. Kxg4 Kh6 49. h4 Kh7 50. Kf4 Ra5 51. Kg4 Ra7 52. Bb3 Rb7 53. Bc4 Rb4 54. Kh5
Ra4 55. Bb3 Rf4 56. Bc2 Kg8 57. Bb3+ Kf8 58. Be6 Ke7 59. Bc8 Rc4 60. Be6 Rb4 61.
Bg8 Rb8 62. Bh7 Kf7 63. Bg6+ Kg8 64. Kg4 Rb4+ 65. Kh5 Rf4 66. Bf7+ Kf8 67. Bg6
Ke7 68. Bh7 Kd6 69. Bg6 Ke5 70. Bh7 Rb4 71. Bg6 Kf4 72. Bh7 Kg3 73. Kg6 Kxh4 74.
Kxg7 Kg5 75. Bg6 Rb5 76. Kf7 Rxf5 0-1

[Event "13th EICC"]
[Site "Plovdiv BUL"]
[Date "2012.03.29"]
[Round "9.89"]
[White "Halkias, Stelios"]
[Black "Sharafiev, Azat"]
[Result "1/2-1/2"]
[WhiteTitle "GM"]
[BlackTitle "IM"]
[WhiteElo "2588"]
[BlackElo "2433"]
[WhiteFideId "4201809"]
[BlackFideId "4186214"]
[EventDate "2012.03.20"]
[EventType "swiss"]

1. d4 Nf6 2. Nf3 e6 3. e3 b6 4. Bd3 Bb7 5. O-O c5 6. c4 g6 7. Nc3 Bg7 8. b3 O-O
9. Bb2 Qc7 10. Qe2 d6 11. Rad1 Ne8 12. Be4 Bxe4 13. Nxe4 f5 14. Nc3 g5 15. Ne1
Nd7 16. Nd3 Nef6 17. dxc5 bxc5 18. b4 Ne4 1/2-1/2

[Event "13th EICC"]
[Site "Plovdiv BUL"]
[Date "2012.03.29"]
[Round "9.91"]
[White "Pavlidis, Antonios"]
[Black "Damljanovic, Branko"]
[Result "0-1"]
[WhiteTitle "IM"]
[BlackTitle "GM"]
[WhiteElo "2431"]
[BlackElo "2582"]
[WhiteFideId "4212312"]
[BlackFideId "900125"]
[EventDate "2012.03.20"]
[EventType "swiss"]

1. e4 c5 2. Nf3 d6 3. d4 cxd4 4. Nxd4 Nf6 5. Nc3 a6 6. Bg5 e6 7. f4 h6 8. Bh4
Be7 9. Qf3 Nc6 10. O-O-O Nxd4 11. Rxd4 Qb6 12. Bf2 Qa5 13. Ra4 Qc7 14. e5 dxe5
15. fxe5 Qxe5 16. Bb5+ Kf8 17. Bg3 Qh5 18. Be2 Qxf3 19. Bxf3 g5 20. Rf1 Rg8 21.
Rc4 g4 22. Be2 Nh5 23. Be5 Rg5 24. Bd4 e5 25. Be3 Be6 26. Rc7 Nf4 27. Rxb7 Nxe2+
28. Nxe2 Rh5 29. Bg1 Bd5 30. Rc7 Bxg2 31. Rd1 Bf3 32. Rdd7 Bxe2 33. Rxe7 Rf5 34.
Kd2 Bf3 35. c4 h5 36. c5 Rd8+ 37. Rcd7 Rxd7+ 38. Rxd7 Rf6 39. Be3 Ke8 40. Ra7
Rg6 41. Bf2 f5 42. Bh4 Re6 43. b4 f4 44. a4 e4 45. b5 axb5 46. axb5 Re5 47. c6
Rxb5 48. Ra8+ Kf7 49. c7 Rd5+ 50. Kc3 Rc5+ 51. Kd4 Rxc7 52. Ke5 e3 53. Ra4 e2
54. Kxf4 Rc1 55. Ra7+ Kf8 56. Ra5 e1=Q 57. Bxe1 Rxe1 58. Rxh5 Re4+ 59. Kg3 Bd1
60. h3 Re3+ 61. Kg2 Bf3+ 62. Kg3 gxh3 63. Rxh3 Bd5+ 64. Kh2 Re2+ 65. Kg3 Kf7 66.
Rh5 Ke6 67. Kf4 Re4+ 68. Kg3 Ra4 69. Rg5 Be4 70. Rb5 Bd5 71. Rb8 Kf5 72. Rb5 Rd4
73. Rb8 Rg4+ 74. Kf2 Kf4 75. Rf8+ Ke4 76. Re8+ Kd4 77. Rd8 Rg2+ 78. Kf1 Rb2 79.
Kg1 Ke4 80. Rd7 Rd2 81. Ra7 Kf4 82. Rd7 Kf3 83. Rg7 Ke3 84. Rg3+ Bf3 85. Rg8
Rd1+ 0-1

[Event "13th EICC"]
[Site "Plovdiv BUL"]
[Date "2012.03.29"]
[Round "9.92"]
[White "Indjic, Aleksandar"]
[Black "Savchenko, Boris"]
[Result "0-1"]
[BlackTitle "GM"]
[WhiteElo "2430"]
[BlackElo "2580"]
[WhiteFideId "911925"]
[BlackFideId "4147332"]
[EventDate "2012.03.20"]
[EventType "swiss"]

1. d4 Nf6 2. c4 e6 3. Nf3 d5 4. cxd5 exd5 5. Nc3 c6 6. Bg5 Be7 7. Qc2 g6 8. Bxf6
Bxf6 9. e4 O-O 10. exd5 cxd5 11. Be2 Nc6 12. Qd2 Qd6 13. O-O Be6 14. Rac1 Bg7
15. h3 Rac8 16. Rfe1 h6 17. Bb5 Na5 18. Ne5 a6 19. Bf1 Rfe8 20. Rcd1 Nc4 21.
Nxc4 dxc4 22. Ne4 Qb8 23. Qb4 b5 24. Nc5 Qb6 25. Nxe6 Rxe6 26. Rxe6 fxe6 27. Be2
Bxd4 28. Qe7 Rf8 29. Bg4 Bxf2+ 30. Kh1 Bc5 31. Bxe6+ Kh8 32. Qd7 Qb8 33. Qd5 Be7
34. Qe4 Qg3 35. Qd4+ Bf6 36. Qc5 Re8 37. Qc6 Rf8 38. Qc5 Re8 39. Qc6 Rf8 40. Qc5
Re8 41. Qc6 Rb8 42. Bc8 Qe5 43. Rf1 Bg7 44. b3 c3 45. Bg4 h5 46. Bd1 Qg3 47. Qf3
Qxf3 48. Bxf3 Re8 49. Rc1 b4 50. Kg1 Bh6 51. Rc2 Bd2 52. Kf2 h4 53. Bc6 Re5 54.
Bf3 Kg7 55. Be2 a5 56. Bd3 g5 57. Be2 Kf6 58. Bd3 Ke7 59. Bh7 Kd6 60. Bg6 Kc5
61. Bh7 Kd4 62. Bg6 Re6 63. Bh7 Rh6 0-1

[Event "13th EICC"]
[Site "Plovdiv BUL"]
[Date "2012.03.29"]
[Round "9.93"]
[White "Ter-Sahakyan, Samvel"]
[Black "Galopoulos, Nikolaos"]
[Result "1-0"]
[WhiteTitle "GM"]
[WhiteElo "2578"]
[BlackElo "2430"]
[WhiteFideId "13302531"]
[BlackFideId "4208951"]
[EventDate "2012.03.20"]
[EventType "swiss"]

1. e4 c5 2. Nf3 d6 3. d4 cxd4 4. Nxd4 Nf6 5. Nc3 a6 6. Bg5 e6 7. f4 Qc7 8. Bxf6
gxf6 9. Qd2 Nc6 10. O-O-O Bd7 11. Kb1 Be7 12. Be2 h5 13. Rhf1 b5 14. Nxc6 Bxc6
15. Bf3 b4 16. Ne2 Rb8 17. Nd4 Bd7 18. Be2 a5 19. b3 Qc5 20. Bc4 Rc8 21. Qd3 h4
22. Rfe1 Qb6 23. f5 e5 24. Nf3 Rc5 25. Nd2 Bc6 26. Bd5 Bb5 27. Nc4 Qc7 28. Re3
Bf8 29. Rh3 Rh6 30. Qd2 Rh7 31. Qe1 a4 32. Qxb4 axb3 33. axb3 Rg7 34. Ne3 Qa7
35. Rxh4 Be2 36. Rd2 Ra5 37. Rxe2 1-0

[Event "13th EICC"]
[Site "Plovdiv BUL"]
[Date "2012.03.29"]
[Round "9.95"]
[White "Manolache, Marius"]
[Black "Firat, Burak"]
[Result "0-1"]
[WhiteTitle "GM"]
[BlackTitle "IM"]
[WhiteElo "2561"]
[BlackElo "2405"]
[WhiteFideId "1201530"]
[BlackFideId "6305881"]
[EventDate "2012.03.20"]
[EventType "swiss"]

1. d4 Nf6 2. c4 g6 3. Nf3 Bg7 4. Nc3 d5 5. e3 O-O 6. Qb3 e6 7. Bd2 b6 8. cxd5
exd5 9. Be2 c5 10. Ne5 Be6 11. Rd1 c4 12. Qa3 Nbd7 13. f4 a6 14. O-O Re8 15. b3
Bf8 16. Qc1 b5 17. bxc4 bxc4 18. Bf3 Qc7 19. Be1 Rad8 20. Qc2 Nb6 21. g4 Nfd7
22. f5 Nxe5 23. dxe5 Bc8 24. fxg6 hxg6 25. Nxd5 Nxd5 26. Rxd5 Rxd5 27. Bxd5 Be6
28. Qa4 Qc8 29. Bb7 Qb8 30. Bxa6 Qa8 31. Bf2 Qe4 32. Bb7 Qxg4+ 33. Bg3 Rd8 34.
Bf3 Qg5 35. Qa7 Rc8 36. Kg2 Bc5 37. Qb7 Qxe3 38. Re1 Qh6 39. Kh1 c3 40. Bd5
Bxd5+ 41. Qxd5 Qd2 42. Qb7 Rd8 43. Rf1 Qxa2 44. Qc6 c2 45. e6 Qxe6 46. Qxc5 Rd1
47. Qxc2 Rxf1+ 48. Kg2 Rf5 49. Qc1 Qd5+ 50. Kg1 Qc5+ 51. Qxc5 Rxc5 52. Kg2 Rc3
53. Bf4 Rb3 54. Be5 Kf8 55. Bd6+ Ke8 56. Be5 Kd7 57. Bf4 Ke6 58. Bc7 Kf5 59. Bd8
Kg4 60. Bf6 Ra3 61. Be5 Ra2+ 62. Kg1 Kf3 63. h3 f5 0-1

[Event "13th EICC"]
[Site "Plovdiv BUL"]
[Date "2012.03.29"]
[Round "9.97"]
[White "Jankovic, Alojzije"]
[Black "Nedilko, Vasily"]
[Result "1-0"]
[WhiteTitle "GM"]
[BlackTitle "IM"]
[WhiteElo "2553"]
[BlackElo "2392"]
[WhiteFideId "14505959"]
[BlackFideId "14101459"]
[EventDate "2012.03.20"]
[EventType "swiss"]

1. d4 Nf6 2. Nf3 g6 3. c4 Bg7 4. Nc3 d5 5. Qa4+ Bd7 6. Qb3 dxc4 7. Qxc4 O-O 8.
Bf4 c6 9. e4 b5 10. Qb3 Qa5 11. e5 Be6 12. Qc2 Nd5 13. Bd2 Nxc3 14. Bd3 Na6 15.
O-O Ne2+ 16. Bxe2 Qb6 17. a4 Rac8 18. axb5 cxb5 19. Qe4 Nc7 20. Bb4 Bd5 21. Qe3
Ne6 22. Bxe7 Rfe8 23. Bd6 Bxf3 24. Bxf3 Nxd4 25. Bd5 Rcd8 26. Qg5 Rxd6 27. exd6
Re5 28. Qe7 Rxe7 29. dxe7 Qb8 1-0

[Event "13th EICC"]
[Site "Plovdiv BUL"]
[Date "2012.03.29"]
[Round "9.98"]
[White "Szabo, Gergely-Andras-Gyula"]
[Black "Petrisor, Adrian-Marian"]
[Result "0-1"]
[WhiteTitle "GM"]
[BlackTitle "FM"]
[WhiteElo "2553"]
[BlackElo "2383"]
[WhiteFideId "1205064"]
[BlackFideId "1213741"]
[EventDate "2012.03.20"]
[EventType "swiss"]

1. Nf3 Nf6 2. c4 g6 3. Nc3 d5 4. cxd5 Nxd5 5. Qc2 Nb6 6. d4 Bg7 7. e4 O-O 8. Be3
Bg4 9. Ne5 Be6 10. Rd1 Qc8 11. f4 c6 12. Be2 f5 13. O-O fxe4 14. Nxe4 Nd5 15.
Bd2 Nd7 16. Ng5 Nxe5 17. Nxe6 Nf3+ 18. Rxf3 Qxe6 19. Bc1 Kh8 20. Bc4 Rad8 21.
Bb3 Qd6 22. Qf2 b6 23. f5 gxf5 24. Rxf5 Rxf5 25. Qxf5 Rf8 26. Qd3 Nf4 27. Bxf4
Rxf4 28. Qh3 Qxd4+ 0-1

[Event "13th EICC"]
[Site "Plovdiv BUL"]
[Date "2012.03.29"]
[Round "9.99"]
[White "Ovod, Evgenija"]
[Black "Popov, Valerij"]
[Result "0-1"]
[WhiteTitle "IM"]
[BlackTitle "GM"]
[WhiteElo "2408"]
[BlackElo "2546"]
[WhiteFideId "4131827"]
[BlackFideId "4119410"]
[EventDate "2012.03.20"]
[EventType "swiss"]

1. d4 e6 2. c4 b6 3. e4 Bb7 4. Bd3 Nc6 5. Ne2 Nb4 6. O-O g6 7. f4 f5 8. exf5
gxf5 9. Nbc3 Qh4 10. Bb1 Nf6 11. Qe1 Rg8 12. d5 Qxe1 13. Rxe1 O-O-O 14. a3 Na6
15. Ba2 Bc5+ 16. Kh1 Ng4 17. h3 Rg6 18. g3 Nf6 19. Rf1 exd5 20. cxd5 Re8 21. b4
Nxd5 22. Bxd5 Bxd5+ 23. Nxd5 Rxe2 24. bxc5 Rxg3 25. cxb6 Rxh3+ 26. Kg1 Rg3+ 27.
Kh1 axb6 28. Rb1 Rd3 29. Nb4 Rh3+ 30. Kg1 Rg3+ 31. Kh1 Rgg2 32. Re1 Rh2+ 33. Kg1
Reg2+ 34. Kf1 Nc5 35. Re8+ Kb7 36. Be3 Ne4 37. Rxe4 fxe4 38. Bg1 Rb2 39. Rxb2
Rxb2 40. Nd5 Rb3 41. Ke2 h5 42. Bf2 Rf3 43. Nf6 Rxf4 44. Nxh5 Rf3 45. Be3 d5 46.
Ng7 c5 47. Ne6 d4 48. Bxd4 cxd4 49. Nxd4 Rxa3 50. Nb5 Rd3 0-1

[Event "13th EICC"]
[Site "Plovdiv BUL"]
[Date "2012.03.29"]
[Round "9.100"]
[White "Popilski, Gil"]
[Black "Zoler, Dan"]
[Result "1/2-1/2"]
[WhiteTitle "IM"]
[BlackTitle "GM"]
[WhiteElo "2389"]
[BlackElo "2541"]
[WhiteFideId "2809060"]
[BlackFideId "2800705"]
[EventDate "2012.03.20"]
[EventType "swiss"]

1. e4 e5 2. Nf3 Nc6 3. Bb5 a6 4. Ba4 Nf6 5. O-O Be7 6. d3 b5 7. Bb3 O-O 8. a4 b4
9. Nbd2 d6 10. a5 Rb8 11. c3 Kh8 12. Re1 Be6 13. Bxe6 fxe6 14. Nc4 Rb5 15. h3
Qe8 16. d4 Qg6 17. Qe2 Nh5 18. Kh1 h6 19. Bd2 Kh7 20. Rac1 bxc3 21. bxc3 Nxa5
22. Nxa5 Rxa5 23. Ra1 Rxa1 24. Rxa1 Nf4 25. Bxf4 Rxf4 26. dxe5 Qxe4 27. Qxa6 Qc4
28. exd6 Bxd6 29. Qxc4 Rxc4 30. Rc1 Bb4 31. Nd4 Bc5 32. Rd1 Rxc3 33. Nb5 Rc4 34.
Nxc7 Bxf2 35. Nxe6 Re4 36. Nc7 Bg3 37. Nb5 Kg6 38. Nd4 Re8 39. Nf3 Ra8 40. Kg1
Kf6 41. Rd7 Kg6 42. Re7 1/2-1/2

[Event "13th EICC"]
[Site "Plovdiv BUL"]
[Date "2012.03.29"]
[Round "9.101"]
[White "Tate, Alan"]
[Black "Guliyev, Namig"]
[Result "1/2-1/2"]
[WhiteTitle "FM"]
[BlackTitle "GM"]
[WhiteElo "2350"]
[BlackElo "2532"]
[WhiteFideId "2401878"]
[BlackFideId "13400363"]
[EventDate "2012.03.20"]
[EventType "swiss"]

1. e4 c5 2. Nf3 d6 3. d4 cxd4 4. Nxd4 Nf6 5. Nc3 g6 6. Bc4 Bg7 7. O-O O-O 8. Re1
Nc6 9. Nb3 Bd7 10. Bg5 Rc8 11. Nd5 Ne5 12. Bf1 Re8 13. Nxf6+ exf6 14. Be3 Nc4
15. Bd4 b5 16. Nd2 Qc7 17. Bxc4 bxc4 18. Nb1 Bc6 19. Nc3 Qb7 20. f3 Re6 21. b3
cxb3 22. axb3 a6 23. Qd3 Ra8 24. Reb1 d5 25. exd5 Bxd5 26. Na4 Rd6 27. Bc5 Rdd8
28. Re1 Bc6 29. Qc4 Bb5 30. Qf4 f5 31. Rac1 Qc6 32. Bf2 h5 33. Nb6 Rab8 34. c4
Rxb6 35. cxb5 Qxb5 36. Bxb6 Qxb6+ 37. Kh1 Qxb3 38. Qc7 Qd5 39. Qc2 Rb8 40. Qa4
a5 41. Red1 Qe5 42. Re1 Qb5 43. Qc2 a4 44. Rb1 Bb2 45. Rxb2 Qxb2 46. Qxa4 Qf2
47. Qa1 Rb2 48. Rg1 h4 49. h3 Re2 50. Qa8+ Kg7 51. Qa1+ f6 52. Qa5 Kh6 53. Qa1
Kg5 54. Qc1+ Qe3 55. Qc4 Rd2 56. Qc7 Qf4 57. Qc5 Qe5 58. Qc1 Qe2 59. Qc7 Qf2 60.
Qc1 Kh5 61. Qc6 Kg5 62. Qc1 Qe2 63. Qc7 Qe3 64. Qc1 Qf2 65. Qc7 Rc2 66. Qd6 Qg3
67. Qd1 Rf2 68. Qe1 Kh5 69. Qe3 Rc2 70. Qd3 Qf2 71. Qd8 Kg5 72. Qd6 Re2 73. Qd1
Qe3 74. Qd6 Qe5 75. Qb4 Qg3 76. Qd4 Qe5 77. Qc4 Rd2 78. Qc1 Qf4 79. Qc3 Re2 80.
Qd3 Re5 81. Qd6 Qe3 82. Rf1 Qf4 83. Qd3 Re3 84. Qd5 Re2 85. Qd3 Ra2 86. Qb3 Qd2
87. f4+ Kh6 88. Rg1 Rc2 89. Qb8 Kg7 90. Qb7+ Kf8 91. Qb8+ Ke7 92. Qb7+ Ke8 93.
Qb5+ Kd8 94. Qb6+ Kc8 95. Qxf6 Qxf4 96. Rd1 Rc1 97. Qa6+ Kb8 98. Qb6+ Kc8 99.
Qa6+ Kb8 100. Qb6+ 1/2-1/2

[Event "13th EICC"]
[Site "Plovdiv BUL"]
[Date "2012.03.29"]
[Round "9.102"]
[White "Boruchovsky, Avital"]
[Black "Stefansson, Hannes"]
[Result "1-0"]
[WhiteTitle "FM"]
[BlackTitle "GM"]
[WhiteElo "2333"]
[BlackElo "2531"]
[WhiteFideId "2800055"]
[BlackFideId "2300087"]
[EventDate "2012.03.20"]
[EventType "swiss"]

1. e4 e5 2. Nf3 Nc6 3. Bb5 a6 4. Ba4 Nf6 5. O-O Be7 6. Re1 b5 7. Bb3 O-O 8. h3
Bb7 9. d3 Re8 10. Nc3 h6 11. a3 Bf8 12. Be3 d6 13. Ba2 Ne7 14. Nh4 d5 15. f4
exf4 16. Bxf4 c5 17. Be5 Nc6 18. Bxf6 Qxf6 19. Nf3 dxe4 20. Nxe4 Qxb2 21. Bd5
Na5 22. Ra2 Qxa2 23. Bxa2 c4 24. Qd2 Bxe4 25. Rxe4 Rxe4 26. dxe4 Nb7 27. Qd5 Ra7
28. Qd7 Bc5+ 29. Kh1 Nd6 30. Qc6 Bxa3 31. e5 1-0

[Event "13th EICC"]
[Site "Plovdiv BUL"]
[Date "2012.03.29"]
[Round "9.103"]
[White "Pridorozhni, Aleksei"]
[Black "Nakar, Eylon"]
[Result "1-0"]
[WhiteTitle "GM"]
[BlackTitle "FM"]
[WhiteElo "2524"]
[BlackElo "2344"]
[WhiteFideId "4127870"]
[BlackFideId "2811111"]
[EventDate "2012.03.20"]
[EventType "swiss"]

1. c4 Nf6 2. Nc3 g6 3. g3 Bg7 4. Bg2 O-O 5. e3 d6 6. Nge2 e5 7. O-O c6 8. d4 Na6
9. a3 Nc7 10. d5 c5 11. b4 Nd7 12. e4 a5 13. bxa5 Rxa5 14. Qb3 Ne8 15. Bb2 Ndf6
16. f4 Ng4 17. Nb5 f5 18. exf5 gxf5 19. h3 Nh6 20. fxe5 dxe5 21. Rfe1 Nf7 22.
Nc1 Ned6 23. Bc3 Ra6 24. Nd3 Nxb5 25. cxb5 Rg6 26. Bxe5 c4 27. Qxc4 Bxe5 28.
Nxe5 Rxg3 29. d6 Kg7 30. Nxf7 Rxf7 31. Re7 Rxe7 32. dxe7 Qd2 33. Qg8+ Kxg8 34.
e8=Q+ Kg7 1-0

[Event "13th EICC"]
[Site "Plovdiv BUL"]
[Date "2012.03.29"]
[Round "9.104"]
[White "Hristodoulou, Panagiotis"]
[Black "Khmelniker, Ilya"]
[Result "0-1"]
[BlackTitle "GM"]
[WhiteElo "2203"]
[BlackElo "2523"]
[WhiteFideId "4214340"]
[BlackFideId "2805340"]
[EventDate "2012.03.20"]
[EventType "swiss"]

1. e4 e5 2. Nf3 Nc6 3. Bb5 a6 4. Ba4 Nf6 5. Qe2 Bd6 6. O-O O-O 7. c3 Re8 8. d3
Bf8 9. Nbd2 b5 10. Bb3 Na5 11. Bc2 d5 12. Re1 Bb7 13. b4 Nc6 14. a3 a5 15. Bb2
axb4 16. cxb4 d4 17. Bb3 Nd7 18. Rac1 Ncb8 19. Nb1 c5 20. bxc5 Nxc5 21. Ba2 Nbd7
22. g3 Be7 23. Red1 Qb6 24. Ne1 Qd6 25. Nc2 Bg5 26. Nd2 Na4 27. Rb1 Rec8 28. Nf3
Bh6 29. Nb4 Ndb6 30. Ba1 Rc7 31. Bb3 Nc5 32. Bd5 Nxd5 33. Nxd5 Rcc8 34. Rxb5 Bc6
35. Rb6 Na4 36. Rb4 Bxd5 37. exd5 Nc3 38. Bxc3 dxc3 39. Qc2 Qxd5 40. Ne1 Rxa3
41. Rc4 Qd7 42. Qe2 g6 43. h4 Ra4 44. Qc2 Raxc4 45. dxc4 Qg4 46. Rd5 Qxc4 47.
Rxe5 Bg7 48. Re4 Qb5 49. Qe2 Qc6 50. Nc2 Rd8 51. Qc4 Qd7 52. Kg2 h5 53. Re2 Qf5
54. Ne3 Qb1 55. Rc2 Qb7+ 56. Kh2 Qf3 57. Qe2 Qe4 58. Qc4 Qf3 59. Qe2 Qb7 60. Qc4
Rd4 61. Qe2 Qc6 62. Ra2 Rb4 63. Qa6 Qxa6 64. Rxa6 Bh6 65. Rc6 Bxe3 66. fxe3 Rb3
67. Kg2 Kf8 68. Rc7 Ke8 69. Kf3 Kd8 70. Rc4 Kd7 71. Kf4 Kd6 72. e4 f6 73. Rc8
Ra3 74. Rc4 Kd7 75. Rc5 Ke7 76. Rc7+ Kd6 77. Rc4 Rb3 78. Rc8 Ke7 79. Rc7+ Kd6
80. Rc8 Kd7 81. Rc4 Kd6 82. Rc8 Ra3 83. Rc4 f5 84. exf5 gxf5 85. Rc8 Kd5 86.
Kxf5 Ra5 87. Kf4 Rc5 88. Rd8+ Kc4 89. Rd1 c2 90. Rh1 Kd3 91. g4 Rc4+ 92. Kf5
hxg4 93. h5 g3 94. h6 c1=Q 0-1

[Event "13th EICC"]
[Site "Plovdiv BUL"]
[Date "2012.03.29"]
[Round "9.106"]
[White "Goganov, Aleksey"]
[Black "Malikentzos, Sotirios"]
[Result "1-0"]
[WhiteTitle "IM"]
[BlackTitle "FM"]
[WhiteElo "2517"]
[BlackElo "2307"]
[WhiteFideId "24109959"]
[BlackFideId "4215079"]
[EventDate "2012.03.20"]
[EventType "swiss"]

1. d4 d5 2. c4 e6 3. Nc3 Nf6 4. cxd5 exd5 5. Bg5 c6 6. Qc2 Be7 7. e3 Nbd7 8. Bd3
O-O 9. Nge2 Re8 10. O-O Nf8 11. f3 Nh5 12. Bxe7 Qxe7 13. e4 dxe4 14. fxe4 Bg4
15. Rf2 Qb4 16. Raf1 Re7 17. e5 g6 18. d5 Rxe5 19. dxc6 Rae8 20. Rxf7 Qc5+ 21.
Kh1 Bxe2 22. Nxe2 Qxc2 23. Bxc2 bxc6 24. Nd4 Ne6 25. Nxe6 R8xe6 26. Bb3 Re2 27.
g4 1-0

[Event "13th EICC"]
[Site "Plovdiv BUL"]
[Date "2012.03.29"]
[Round "9.108"]
[White "Pacher, Milan"]
[Black "Sulskis, Sarunas"]
[Result "1/2-1/2"]
[WhiteTitle "IM"]
[BlackTitle "GM"]
[WhiteElo "2402"]
[BlackElo "2596"]
[WhiteFideId "14907445"]
[BlackFideId "12800112"]
[EventDate "2012.03.20"]
[EventType "swiss"]

1. e4 e5 2. Nf3 Nc6 3. Bb5 a6 4. Ba4 Nf6 5. O-O Be7 6. Re1 b5 7. Bb3 d6 8. c3
O-O 9. h3 Na5 10. Bc2 c5 11. d4 Qc7 12. Nbd2 Rd8 13. d5 c4 14. Nf1 Nb7 15. g4 h5
16. N3h2 hxg4 17. hxg4 Nh7 18. Ng3 Bg5 19. Kg2 g6 20. Rh1 f6 21. Bxg5 Nxg5 22.
Qd2 Qg7 23. f4 exf4 24. Qxf4 Bd7 25. Nf3 Nxf3 26. Qxf3 Rf8 27. Rh4 Nd8 28. Rah1
Nf7 29. Ne2 Rae8 30. Nd4 Re5 31. Rh7 Qxh7 32. Rxh7 Kxh7 33. Qxf6 Ree8 34. g5 Ne5
35. Qxd6 Rf4 36. Ne6 Bxe6 37. dxe6 Rg4+ 38. Kh3 Rxg5 39. Bd1 Kh6 40. e7 Kg7 41.
Qd8 Kf7 42. Kh4 Nc6 43. Qb6 Rg2 44. Bg4 Nxe7 45. Be6+ Kg7 46. Qd4+ Kh6 47. Qd7
Rf8 48. Kh3 Rg5 49. Bg4 Rf4 50. Qxe7 Rgxg4 51. e5 Rg5 52. Qd8 Rf3+ 53. Kh4 Rf4+
54. Kh3 Rf3+ 55. Kh4 1/2-1/2

[Event "13th EICC"]
[Site "Plovdiv BUL"]
[Date "2012.03.29"]
[Round "9.109"]
[White "Steingrimsson, Hedinn"]
[Black "Kreisl, Robert"]
[Result "1/2-1/2"]
[WhiteTitle "GM"]
[BlackTitle "IM"]
[WhiteElo "2556"]
[BlackElo "2400"]
[WhiteFideId "2300117"]
[BlackFideId "1613880"]
[EventDate "2012.03.20"]
[EventType "swiss"]

1. e4 c6 2. Nc3 d5 3. Nf3 dxe4 4. Nxe4 Nf6 5. Nxf6+ exf6 6. d4 Bd6 7. Be2 O-O 8.
O-O Re8 9. Re1 Nd7 10. Be3 Nf8 11. c4 Ng6 12. Bf1 Bf5 13. a3 Qe7 14. g3 Rad8 15.
b4 Qd7 16. Ra2 Bg4 17. Bg2 f5 18. Bc1 f4 19. Rae2 fxg3 20. hxg3 h5 21. Rxe8+
Rxe8 22. Rxe8+ Qxe8 23. Qd2 Qe7 24. Qe3 Kf8 25. Kf1 Qe6 26. Qd3 Bf5 27. Qe2 Bh3
28. Be3 Bxg2+ 29. Kxg2 Qe4 30. Kg1 h4 31. Nxh4 Nxh4 32. gxh4 Qxh4 33. Qf3 Qh2+
34. Kf1 Qh7 35. Qg4 Qd3+ 36. Kg1 f5 37. Qg6 Qb1+ 38. Kg2 Qe4+ 39. f3 Qc2+ 40.
Bf2 Be7 41. Qh5 Bf6 42. d5 cxd5 43. cxd5 Bd4 44. Qh8+ Kf7 45. Qh5+ Kf8 46. Qh8+ 1/2-1/2